|
|
|
|
| LEADER |
00780nab a2200193 i 4500 |
| 001 |
publ8964 |
| 005 |
20200530144219.0 |
| 008 |
170501s2015 hu o 0|| zxx d |
| 022 |
|
|
|a 0424-8848
|
| 024 |
7 |
|
|a 3079037
|2 mtmt
|
| 040 |
|
|
|a SZTE Publicatio Repozitórium
|b hun
|
| 041 |
|
|
|a zxx
|
| 100 |
1 |
|
|a Konkoly Ágnes
|
| 245 |
1 |
0 |
|a Alfred Palestra
|h [elektronikus dokumentum] /
|c Konkoly Ágnes
|
| 260 |
|
|
|a Irodalom Kft.: ÉS Alapítvány ÉS Baráti Társaság
|c 2015
|
| 300 |
|
|
|a 22
|
| 490 |
0 |
|
|a Élet és Irodalom
|v 59 No. 19
|
| 856 |
4 |
0 |
|u http://publicatio.bibl.u-szeged.hu/8964/1/alfred_palestra_acb__ES_LIX_%C3%A9vfolyam_19_2015_m%C3%A1jus_8_szoveg.pdf
|z Dokumentum-elérés
|
| 856 |
4 |
0 |
|u http://publicatio.bibl.u-szeged.hu/8964/8/Konkoly_Elet%20es%20irodalom_59_19.pdf
|z Dokumentum-elérés
|